|
|
|
|
| LEADER |
00000nbm0a2200000 4500 |
| 001 |
150152 |
| 005 |
20240119134943.0 |
| 035 |
|
|
|a (RuTPU)RU\TPU\book\162766
|
| 090 |
|
|
|a 150152
|
| 100 |
|
|
|a 20081226d1990 k y0rusy50 ca
|
| 101 |
0 |
|
|a rus
|
| 102 |
|
|
|a RU
|
| 105 |
|
|
|a a p 001zy
|
| 200 |
1 |
|
|a Исследование излучательных свойств монокристаллов типа [А2В6] методом импульсной спектрометрии
|e заключительный отчет о НИР
|e тема: х/д 1 - 116/90
|f Томский политехнический институт (ТПИ) ; руководитель В. Ф. Штанько ; В. И. Олешко
|
| 210 |
|
|
|a Томск
|d 1990
|
| 215 |
|
|
|a 44 л.
|
| 320 |
|
|
|a Библиогр.: с. 43-44.
|
| 610 |
1 |
|
|a отчеты о НИР
|
| 610 |
1 |
|
|a катодолюминесценция
|
| 610 |
1 |
|
|a полупроводники
|
| 610 |
1 |
|
|a оптические свойства
|
| 610 |
1 |
|
|a контроль
|
| 610 |
1 |
|
|a качество
|
| 675 |
|
|
|a 621.373.826.038.825(04)
|v 3
|
| 702 |
|
1 |
|a Штанько
|b В. Ф.
|c физик
|c профессор Томского политехнического университета, доктор физико-математических наук
|f 1948-
|g Виктор Федорович
|3 (RuTPU)RU\TPU\pers\25978
|4 673
|9 11827
|
| 702 |
|
1 |
|a Олешко
|b В. И.
|c специалист в области светотехники
|c профессор Томского политехнического университета, доктор физико-математических наук
|f 1948-
|g Владимир Иванович
|3 (RuTPU)RU\TPU\pers\27390
|4 677
|9 12727
|
| 712 |
0 |
2 |
|a Томский политехнический институт (ТПИ)
|c (1944-1991)
|3 (RuTPU)RU\TPU\col\1123
|4 595
|
| 801 |
|
1 |
|a RU
|b 63413507
|c 20081226
|g PSBO
|
| 801 |
|
2 |
|a RU
|b 63413507
|c 20150316
|g RCR
|
| 942 |
|
|
|c BK
|